Countries of the World in Alphabetical Order by Capital - Statistics

General Stats
  • This quiz has been taken 31 times
  • The average score is 173 of 196
Answers on the Map
Answers color-coded by a green-red scale on the quiz's map according to % correct below.
 
Answer Stats
Capital Country % Correct
Algiers Algeria
100%
Andorra la Vella Andorra
100%
Addis Ababa Ethiopia
100%
Athens Greece
100%
Baghdad Iraq
100%
Amsterdam Netherlands
100%
Bangkok Thailand
100%
Abu Dhabi United Arab Emirates
100%
Kabul Afghanistan
94%
Tirana Albania
94%
Buenos Aires Argentina
94%
Yerevan Armenia
94%
Canberra Australia
94%
Vienna Austria
94%
Baku Azerbaijan
94%
Nassau Bahamas
94%
Dhaka Bangladesh
94%
Minsk Belarus
94%
Brussels Belgium
94%
La Paz (Sucre) Bolivia
94%
Sarajevo Bosnia and Herzegovina
94%
Brasília Brazil
94%
Bandar Seri Begawan Brunei
94%
Sofia Bulgaria
94%
Phnom Penh Cambodia
94%
Ottawa Canada
94%
Santiago Chile
94%
Beijing China
94%
Bogotá Colombia
94%
Zagreb Croatia
94%
Nicosia Cyprus
94%
Prague Czech Republic
94%
Kinshasa Democratic Republic of the Congo
94%
Copenhagen Denmark
94%
Djibouti Djibouti
94%
Quito Ecuador
94%
Cairo Egypt
94%
San Salvador El Salvador
94%
Tallinn Estonia
94%
Helsinki Finland
94%
Paris France
94%
Tbilisi Georgia
94%
Berlin Germany
94%
Accra Ghana
94%
Guatemala City Guatemala
94%
Bissau Guinea-Bissau
94%
Budapest Hungary
94%
Reykjavik Iceland
94%
New Delhi India
94%
Jakarta Indonesia
94%
Tehran Iran
94%
Dublin Ireland
94%
Jerusalem Israel
94%
Rome Italy
94%
Kingston Jamaica
94%
Tokyo Japan
94%
Amman Jordan
94%
Nairobi Kenya
94%
Kuwait City Kuwait
94%
Riga Latvia
94%
Vilnius Lithuania
94%
Luxembourg Luxembourg
94%
Kuala Lumpur Malaysia
94%
Mexico City Mexico
94%
Chișinău Moldova
94%
Monaco Monaco
94%
Ulaanbaatar Mongolia
94%
Rabat Morocco
94%
Windhoek Namibia
94%
Kathmandu Nepal
94%
Wellington New Zealand
94%
Pyongyang North Korea
94%
Skopje North Macedonia
94%
Oslo Norway
94%
Islamabad Pakistan
94%
Panama City Panama
94%
Asunción Paraguay
94%
Lima Peru
94%
Manila Philippines
94%
Warsaw Poland
94%
Lisbon Portugal
94%
Doha Qatar
94%
Brazzaville Republic of the Congo
94%
Bucharest Romania
94%
Moscow Russia
94%
San Marino San Marino
94%
São Tomé São Tomé and Príncipe
94%
Riyadh Saudi Arabia
94%
Belgrade Serbia
94%
Freetown Sierra Leone
94%
Singapore Singapore
94%
Ljubljana Slovenia
94%
Pretoria (Bloemfontein, Cape Town) South Africa
94%
Seoul South Korea
94%
Madrid Spain
94%
Sri Jayawardenepura Kotte (Colombo) Sri Lanka
94%
Stockholm Sweden
94%
Bern Switzerland
94%
Taipei Taiwan
94%
Tunis Tunisia
94%
Ankara Turkey
94%
Kampala Uganda
94%
Kyiv Ukraine
94%
London United Kingdom
94%
Washington DC United States
94%
montevideo Uruguay
94%
Vatican City Vatican City
94%
Hanoi Vietnam
94%
Luanda Angola
88%
Belmopan Belize
88%
N'Djamena Chad
88%
Havana Cuba
88%
Santo Domingo Dominican Republic
88%
Port-au-Prince Haiti
88%
Tegucigalpa Honduras
88%
Astana Kazakhstan
88%
Pristina Kosovo
88%
Monrovia Liberia
88%
Tripoli Libya
88%
Vaduz Liechtenstein
88%
Antananarivo Madagascar
88%
Malé Maldives
88%
Valletta Malta
88%
Podgorica Montenegro
88%
Abuja Nigeria
88%
Port Moresby Papua New Guinea
88%
Apia Samoa
88%
Dakar Senegal
88%
Bratislava Slovakia
88%
Mogadishu Somalia
88%
Juba South Sudan
88%
Khartoum Sudan
88%
Paramaribo Suriname
88%
Damascus Syria
88%
Ashgabat Turkmenistan
88%
Tashkent Uzbekistan
88%
Caracas Venezuela
88%
Sana'a Yemen
88%
Manama Bahrain
81%
Thimphu Bhutan
81%
Gaborone Botswana
81%
Ouagadougou Burkina Faso
81%
Yaoundé Cameroon
81%
San Jose Costa Rica
81%
Roseau Dominica
81%
Dili East Timor
81%
Asmara Eritrea
81%
Mbabane Eswatini
81%
Palikir Federated States of Micronesia
81%
Libreville Gabon
81%
Saint George's Grenada
81%
Conakry Guinea
81%
Georgetown Guyana
81%
Yamoussoukro Ivory Coast
81%
Bishkek Kyrgyzstan
81%
Vientiane Laos
81%
Beirut Lebanon
81%
Bamako Mali
81%
Maputo Mozambique
81%
Naypyidaw Myanmar
81%
Niamey Niger
81%
Muscat Oman
81%
Kigali Rwanda
81%
Kingstown Saint Vincent and the Grenadines
81%
Victoria Seychelles
81%
Lomé Togo
81%
Port-of-Spain Trinidad and Tobago
81%
Funafuti Tuvalu
81%
Lusaka Zambia
81%
Harare Zimbabwe
81%
Saint John's Antigua and Barbuda
75%
Bridgetown Barbados
75%
Porto-Novo Benin
75%
Praia Cape Verde
75%
Ciudad de la Paz Equatorial Guinea
75%
Suva Fiji
75%
banjul Gambia
75%
Maseru Lesotho
75%
Lilongwe Malawi
75%
Mouakchott Mauritania
75%
Port Louis Mauritius
75%
Yaren Nauru
75%
Managua Nicaragua
75%
Basseterr Saint Kitts and Nevis
75%
Castries Saint Lucia
75%
Dushanbe Tajikistan
75%
Dodoma Tanzania
75%
Nuku'alofa Tonga
75%
Port Vila Vanuatu
75%
Gitega Burundi
69%
Bangui Central African Republic
69%
South Tarawa Kiribati
69%
Majuro Marshall Islands
69%
Ngerulmud Palau
69%
Honiara Solomon Islands
69%
Moroni Comoros
63%
No matching quizzes found
Score Distribution
Percent of People with Each Score
Percentile by Number Answered
Your Score History
You have not taken this quiz